| 000 | 00971nam a2200265Ia 4500 | ||
|---|---|---|---|
| 003 | OSt | ||
| 005 | 20221005113537.0 | ||
| 006 | a|||||r|||| 00| 0 | ||
| 007 | ta | ||
| 008 | 221004b |||||||| |||| 00| 0 pan d | ||
| 020 |
_a9789351121855 (hbk) _cINR 300.00 |
||
| 024 | _a35394 | ||
| 037 |
_b1003, 13/11/2017, H.K. Prakashan _cTextual |
||
| 040 |
_aCRL _cCRL _bpan |
||
| 041 |
_2pan _apan |
||
| 082 | _aO153,1:g, Q7 | ||
| 100 | _aਭੱਟੀ, ਸੁਰਜੀਤ ਸਿੰਘ, ਂਚ. | ||
| 245 | 0 | _aਪ੍ਰਗਤੀਵਾਦੀ ਕਾਵਿ-ਚਿੰਤਨ | |
| 260 |
_aਲੁਧਿਆਨਾ _bਚੇਤਨਾ ਪ੍ਰਕਾFਨ ਭਾਰਤ _c2017 |
||
| 300 |
_a208ਪੰ _ccm. |
||
| 650 | _a ਪੰਜਾਬੀ ਕਾਵਿ | ||
| 650 | _aਪੰਜਾਾਬੀ ਸਾਹਿਤ | ||
| 942 |
_hO153,1:g, Q7 _cTEXL _2cc |
||
| 999 |
_c1028538 _d1028538 |
||